Medagliere Rugby a 7 ai Giochi Olimpici - Statistics

Statistiche generali
  • Questo quiz è stato fatto 13 volte
  • Il punteggio medio è 7 su 8
Statistiche sulle risposte
Medaglie complessive Medaglie d'Oro Medaglie d'Argento Medaglie di Bronzo Rappresentativa olimpica % Corretto
1 1 0 0 Australia
100%
1 0 1 0 Francia
100%
3 1 2 0 Nuova Zelanda
100%
1 0 0 1 Sudafrica
100%
1 0 1 0 Gran Bretagna
83%
1 0 0 1 Argentina
75%
3 2 0 1 Fiji
67%
1 0 0 1 Canada
58%
Nessun quiz corrispondente trovato
Distribuzione punteggi
Percentuale di utenti per punteggio
Percentile per numero di risposta
I tuoi punteggi nel tempo
Non hai fatto questo quiz